Southville International School and Colleges
Your cart is empty.
  • Cart
  • Lists
    Public lists Eva Luna New books Lux_list list_1
    Your lists Log in to create your own lists
  • Log in to your account
  • Your cookies
  • Search history
Southville International School and Colleges
  • Advanced search
  • Recent comments
  • Most popular
  • Libraries

Log in to your account

Log in with GOOGLE


If you do not have an external account, but do have a local account, you can still log in:

  1. Home
  2. MARC view: Managing special and inclusive education /
Normal view MARC view ISBD view

Managing special and inclusive education / (Record no. 23114)

[ view plain ]
MARC details
000 -LEADER
fixed length control field 00610nam a2200205 a 4500
005 - DATE AND TIME OF LATEST TRANSACTION
control field 20140310183441.0
008 - FIXED-LENGTH DATA ELEMENTS--GENERAL INFORMATION
fixed length control field 080521s19uu xx 00 eng d
020 ## - INTERNATIONAL STANDARD BOOK NUMBER
International Standard Book Number 9781412918893
050 ## - LIBRARY OF CONGRESS CALL NUMBER
Classification number LC 3986.G7
Item number .R39 2007
100 ## - MAIN ENTRY--PERSONAL NAME
Personal name Rayner, Steve
245 ## - TITLE STATEMENT
Title Managing special and inclusive education /
Statement of responsibility, etc Rayner, Steve
260 ## - PUBLICATION, DISTRIBUTION, ETC. (IMPRINT)
Place of publication, distribution, etc Los Angeles :
Name of publisher, distributor, etc Sage Publications,
Date of publication, distribution, etc 2007.
300 ## - PHYSICAL DESCRIPTION
Extent 215 p. :
Other physical details ill. ;
Dimensions 24 cm.
440 ## - SERIES STATEMENT/ADDED ENTRY--TITLE
Title Belmas series
521 ## - TARGET AUDIENCE NOTE
Target audience note
650 ## - SUBJECT ADDED ENTRY--TOPICAL TERM
Topical term or geographic name as entry element Special education
General subdivision United States.
650 ## - SUBJECT ADDED ENTRY--TOPICAL TERM
Topical term or geographic name as entry element Inclusive education
General subdivision United States.
942 ## - ADDED ENTRY ELEMENTS (KOHA)
Koha item type Books
Source of classification or shelving scheme Library of Congress Classification
Call number prefix Foreign
Holdings
Withdrawn status Lost status Source of classification or shelving scheme Damaged status Home library Current library Shelving location Date acquired Source of acquisition Cost, normal purchase price Total Checkouts Full call number Barcode Date last seen Copy number Price effective from Koha item type
    Library of Congress Classification   College Library College Library General Circulation Section 09/30/2010 Donation 3438.00   LC 3986.G7 .R39 2007 C9431 05/15/2018 1 10/18/2013 Books

Managing special and inclusive education /

APA

Rayner S., . (2007). Managing special and inclusive education. Los Angeles: Sage Publications.

Chicago

Rayner Steve, . 2007. Managing special and inclusive education. Los Angeles: Sage Publications.

Harvard

Rayner S., . (2007). Managing special and inclusive education. Los Angeles: Sage Publications.

MLA

Rayner Steve, . Managing special and inclusive education. Los Angeles: Sage Publications. 2007.

  • Place hold
  • Print
  • Cite
  • Add to your cart (remove)
  • Save record
    BIBTEX Dublin Core MARCXML MARC (non-Unicode/MARC-8) MARC (Unicode/UTF-8) MARC (Unicode/UTF-8, Standard) MODS (XML) RIS
  • More searches
    Search for this title in:
    Other Libraries (WorldCat) Other Databases (Google Scholar) Online Stores (Bookfinder.com) Open Library (openlibrary.org)

Exporting to Dublin Core...

SOUTHVILLE LIBRARY

Southville International School and Colleges Library

1281 Tropical Ave. Cor. Luxembourg St., BF Homes International, Las Pinas City

Tel. No. 8256374 / 252358 Loc. 117/146

Powered by Koha